Datum a čas kvízu
25.5
Celkem bodů
Celkový počet nahraných bodů na tomto kvízu bez doplňovacích otázek.
13.
Pořadí na kvízu
Konečné umístění týmu na tomto kvízu.
Zaznamenané odpovědi
| # | Otázka | Odpověď | Body | Výsledky |
|---|---|---|---|---|
| 1. | Sociální sítě minulý týden obl... | Frýdek-Mýstek | 0 | |
| 2. | Donald Trump se kvůli obvinění... | Georgia | 1 | |
| 3. | Známá česká influencerka Mysli... | Derian | 1 | |
| 4. | Minulý týden se v Johannesburg... | BRICS | 1 | |
| 5. | Na atletickém mistrovství svět... | srážka vozíků převážejících atlety | 0 | |
| 6. | Napište jméno anglického polit... | Oliver Cromwell | 0 | |
| 7. | V dubnu 1961 došlo za podpory... | Zátoka sviní | 1 | |
| 8. | Z obav před atentátem nechal g... | Myanmar | 1 | |
| 9. | Přiřaď diktátora k zemi, kde p... | 1A 2C 3D 4B | 1 | |
| 10. | Který herec hrál hlavní roli v... | Sacha Baron Cohen | 0 |